| 000 | 00947nam a2200265 i 4500 | ||
|---|---|---|---|
| 005 | 20260405163958.0 | ||
| 008 | 260330s2024 my o gr | 000 0 may d | ||
| 020 |
_a9786299959403 _cRM40.00 _qpaperback |
||
| 040 |
_aPPAK _beng _cPPAK _erda |
||
| 082 | 0 | 4 |
_223 _a808.882 |
| 090 | 0 | 0 |
_a808.882 _bHAR _dG |
| 100 | 0 |
_aHarun Kassim, _eauthor. |
|
| 245 | 1 | 0 |
_aHARUNMURNI : _bKENAL PASTI BIG WHY / _cHARUN KASIM, MAHASURIA IDRIS ; Editor: The Heartier |
| 264 | 1 |
_aDurian Tunggal, Melaka : _bHARMONY VIP NETWORK ENTERPRISE, _c[2024?] |
|
| 300 |
_a152 pages, 7 unnumbered pages : _bcolour photographs, illustrations ; _c21 cm |
||
| 336 |
_atext _2rdacontent |
||
| 337 |
_aunmediated _2rdamedia |
||
| 338 |
_avolume _2rdacarrier |
||
| 650 | 1 | 0 | _aAnecdotes |
| 650 | 2 | 0 | _aMotivation (Psychology) |
| 650 | 2 | 0 | _aSuccess |
| 700 | 0 |
_aMahasuria Idris, _eauthor. |
|
| 710 | 2 |
_aThe Heartier, _eeditor. |
|
| 942 |
_2ddc _cB |
||
| 999 |
_c203594 _d203594 |
||